00984nam a2200253 a 450000100100000000500170001000800410002704000250006810000290009324500630012226000380018530000210022349000280024450400410027259000750031365000190038865000300040765000270043765000370046465000270050183000350052895201500056399900170071300003480420260210142102.0111020s1974 mx 000 0 spa d aDO-SdBNPbspacBNPHU1 aMattelart, Armand96031413aLa cultura como empresa multinacional /cArmand Mattelart. aMéxico :bEdiciones Era,c1974. a190 p. ;c18 cm.0 aSerie popular Era ;v25 aIncluye referencias bibliográficas aPerteneció a la biblioteca personal de Juan Isidro Jimenes Grullón20aSociedad9908124aCultura y sociedad96031520aCultura popular91259720aEmpresas internacionales 94794824aMultinacionales960316 0aSerie popular Era ;n25960317 0010507-18MOaGRbGRcOId2011-10-20iLF1l0o p34804-10r2020-06-25w2020-06-25y1zBiblioteca Juan Isidro Jiménes GrullónZNo se presta c34295d34295